El misterio de Olga Chejova / (Registro nro. 77540)

Detalles MARC
000 -LEADER
campo de control de longitud fija 00792nam a2200253 i 4500
001 - NÚMERO DE CONTROL
campo de control 77540
003 - IDENTIFICADOR DE NÚMERO DE CONTROL
campo de control ES-MaACL
005 - FECHA Y HORA DE LA ÚLTIMA TRANSACCIÓN
campo de control 20250830075911.0
007 - CAMPO FIJO DE DESCRIPCIÓN FÍSICA--INFORMACIÓN GENERAL
campo de control de longitud fija t|
008 - DATOS DE LONGITUD FIJA--INFORMACIÓN GENERAL
campo de control de longitud fija 041020s2004 sp ||||0| spa d
020 ## - NÚMERO INTERNACIONAL ESTÁNDAR DEL LIBRO
Número Internacional Estándar del Libro 84-8432-544-X
040 ## - FUENTE DE CATALOGACIÓN
Centro catalogador/agencia de origen M-BN
Lengua de catalogación spa
Centro/agencia transcriptor M-BN
080 ## - NÚMERO DE LA CLASIFICACIÓN DECIMAL UNIVERSAL
Número de la Clasificación Decimal Universal 929 Knipper, Olga
100 1# - ENTRADA PRINCIPAL--NOMBRE DE PERSONA
Nombre de persona Beevor, Antony.
9 (RLIN) 27032
245 13 - MENCIÓN DEL TÍTULO
Título El misterio de Olga Chejova /
Mención de responsabilidad, etc. Antony Beevor ; traducción castellana de David León Gómez.
260 ## - PUBLICACIÓN, DISTRIBUCIÓN, ETC.
Lugar de publicación, distribución, etc. Barcelona :
Nombre del editor, distribuidor, etc. Crítica,
Fecha de publicación, distribución, etc. [2004]
300 ## - DESCRIPCIÓN FÍSICA
Extensión XIII, 334 p., [16] p. de lám. ;
Dimensiones 24 cm.
504 ## - NOTA DE BIBLIOGRAFÍA, ETC.
Nota de bibliografía, etc. Bibliografía: p. [305]-307. Öndice.
600 14 - PUNTO DE ACCESO ADICIONAL DE MATERIA--NOMBRE DE PERSONA
Nombre de persona Knipper, Olga.
9 (RLIN) 68352
700 1# - ENTRADA AGREGADA--NOMBRE PERSONAL
Nombre de persona León Gómez, David
9 (RLIN) 71619
852 ## - LOCALIZACIÓN
Ubicación ES-MaACL
Número de control de estantería L-28296
Sublocalización o colección R.134204
Existencias
Estatus retirado Estado de pérdida Estado de daño No para préstamo Biblioteca de origen Biblioteca actual Ubicación en estantería Fecha de adquisición Fuente de adquisición Total de préstamos Signatura topográfica completa Código de barras Visto por última vez Precio de reemplazo Tipo de ítem Koha
        Biblioteca del Ateneo de Madrid Biblioteca del Ateneo de Madrid Depósito 2 17/01/2008     L-28296 1081124 23/02/2023 23/02/2023 Libro impreso